000 00368 a2200169 4500
001 47711
020 _a9788589526456
040 _cAnchieta - Aquarius
100 _aGalrão, Iray
240 1 0 _aLendas indígenas
_lpor
245 1 0 _aLendas indígenas
300 _a36
362 0 _a2013
440 1 _aKalango
650 4 _aLiteratura infanto-juvenil
942 _cBK
999 _c47711
_d47711